000 00207nam a22000977a 4500
999 _c5819
_d5819
020 _a978-0133970777
082 _a005.74
100 _a Elmasri, Ramez
245 _aFundamentals Of Database Systems
942 _cBK